000 01318nam a2200361 a 4500
001 ebr10237056
003 CaPaEBR
006 m u
007 cr cn|||||||||
008 040203s2003 ohua sb 001 0 eng d
010 _z 2004101505
020 _z0972425896 (pbk.)
024 3 0 _a9780972425896
_d52995
037 _a1232427
_bQBI
035 _a(OCoLC)463189574
040 _aCaPaEBR
_cCaPaEBR
050 1 4 _aQA76.9.D3
_bH477 2003eb
082 0 4 _a005.75/65
_222
100 1 _aHepworth, George
_q(George Russell)
245 1 0 _aGrover Park George on Access
_h[electronic resource] /
_cGeorge Hepworth.
246 3 0 _aOn Access
260 _aUniontown, Ohio :
_bHoly Macro! Books,
_cc2003.
300 _a1 v. (various pagings) :
_bill.
500 _aCover title.
504 _aIncludes bibliographical references and index.
533 _aElectronic reproduction.
_bPalo Alto, Calif. :
_cebrary,
_d2013.
_nAvailable via World Wide Web.
_nAccess may be limited to ebrary affiliated libraries.
630 0 0 _aMicrosoft Access.
650 0 _aDatabase design.
650 0 _aDatabase management.
655 7 _aElectronic books.
_2local
710 2 _aebrary, Inc.
856 4 0 _uhttp://site.ebrary.com/lib/rucke/Doc?id=10237056
_zAn electronic book accessible through the World Wide Web; click to view
999 _c151901
_d151901